<?xml version="1.0" encoding="UTF-8"?>
<record
    xmlns:xsi="http://www.w3.org/2001/XMLSchema-instance"
    xsi:schemaLocation="http://www.loc.gov/MARC21/slim http://www.loc.gov/standards/marcxml/schema/MARC21slim.xsd"
    xmlns="http://www.loc.gov/MARC21/slim">

  <leader>00868nam a22002537a 4500</leader>
  <controlfield tag="001">75078</controlfield>
  <controlfield tag="003">BD-RjUL</controlfield>
  <controlfield tag="005">20211209082636.0</controlfield>
  <controlfield tag="008">190117s2017    bg ||||| |||| 00| 0 ben d</controlfield>
  <datafield tag="020" ind1=" " ind2=" ">
    <subfield code="a">9789849183020</subfield>
  </datafield>
  <datafield tag="035" ind1=" " ind2=" ">
    <subfield code="a">(BD-RjUL)75296</subfield>
  </datafield>
  <datafield tag="040" ind1=" " ind2=" ">
    <subfield code="a">BD-RjUL</subfield>
    <subfield code="b">eng</subfield>
    <subfield code="c">BD-RjUL</subfield>
  </datafield>
  <datafield tag="041" ind1=" " ind2=" ">
    <subfield code="a">eng</subfield>
  </datafield>
  <datafield tag="082" ind1=" " ind2=" ">
    <subfield code="2">23</subfield>
    <subfield code="a">320.1</subfield>
    <subfield code="b">NAM 2017</subfield>
  </datafield>
  <datafield tag="100" ind1=" " ind2=" ">
    <subfield code="a">&#x9A8;&#x9BE;&#x9A5;, &#x9AC;&#x9BF;&#x9AA;&#x9C1;&#x9B2; &#x9B0;&#x99E;&#x9CD;&#x99C;&#x9A8;.</subfield>
    <subfield code="9">227142</subfield>
  </datafield>
  <datafield tag="245" ind1=" " ind2=" ">
    <subfield code="a">&#x986;&#x9A7;&#x9C1;&#x9A8;&#x9BF;&#x995; &#x9B0;&#x9BE;&#x99C;&#x9A8;&#x9C8;&#x9A4;&#x9BF;&#x995; &#x99A;&#x9BF;&#x9A8;&#x9CD;&#x9A4;&#x9BE;&#x9A7;&#x9BE;&#x9B0;&#x9BE; = Modern political thought /</subfield>
    <subfield code="c">&#x9AC;&#x9BF;&#x9AA;&#x9C1;&#x9B2; &#x9B0;&#x99E;&#x9CD;&#x99C;&#x9A8; &#x9A8;&#x9BE;&#x9A5;</subfield>
  </datafield>
  <datafield tag="250" ind1=" " ind2=" ">
    <subfield code="a">&#x9E8;&#x9AF;&#x9BC; &#x9B8;&#x982;.</subfield>
  </datafield>
  <datafield tag="260" ind1=" " ind2=" ">
    <subfield code="a">&#x9A2;&#x9BE;&#x995;&#x9BE; :</subfield>
    <subfield code="b">&#x9AC;&#x9C1;&#x995; &#x9B8;&#x9CB;&#x9B8;&#x9BE;&#x987;&#x99F;&#x9BF;,</subfield>
    <subfield code="c">&#x9E8;&#x9E6;&#x9E7;&#x9ED;</subfield>
  </datafield>
  <datafield tag="300" ind1=" " ind2=" ">
    <subfield code="a">&#x9EA;&#x9EA;&#x9EE; &#x9AA;&#x9C3;. ;</subfield>
    <subfield code="c">&#x9E8;&#x9E8; &#x9B8;&#x9C7;&#x9AE;&#x9BF;.</subfield>
  </datafield>
  <datafield tag="650" ind1=" " ind2=" ">
    <subfield code="a">State, The</subfield>
    <subfield code="9">227036</subfield>
  </datafield>
  <datafield tag="650" ind1=" " ind2=" ">
    <subfield code="a">Democracy.</subfield>
    <subfield code="9">227037</subfield>
  </datafield>
  <datafield tag="650" ind1=" " ind2=" ">
    <subfield code="a">Political science</subfield>
    <subfield code="9">227038</subfield>
  </datafield>
  <datafield tag="942" ind1=" " ind2=" ">
    <subfield code="2">ddc</subfield>
    <subfield code="c">BK</subfield>
  </datafield>
  <datafield tag="999" ind1=" " ind2=" ">
    <subfield code="c">75078</subfield>
    <subfield code="d">75078</subfield>
  </datafield>
  <datafield tag="952" ind1=" " ind2=" ">
    <subfield code="0">0</subfield>
    <subfield code="1">0</subfield>
    <subfield code="2">ddc</subfield>
    <subfield code="4">0</subfield>
    <subfield code="7">1</subfield>
    <subfield code="8">NFIC</subfield>
    <subfield code="a">RUCL</subfield>
    <subfield code="b">RUCL</subfield>
    <subfield code="c">Reading</subfield>
    <subfield code="d">2018-11-18</subfield>
    <subfield code="e">Author</subfield>
    <subfield code="g">375.00</subfield>
    <subfield code="l">0</subfield>
    <subfield code="o">B 320.1 NAM 2017</subfield>
    <subfield code="r">2019-01-17 00:00:00</subfield>
    <subfield code="t">C-1</subfield>
    <subfield code="w">2019-01-17</subfield>
    <subfield code="y">BK</subfield>
  </datafield>
</record>
